| 000 | 00681nam a22002177a 4500 | ||
|---|---|---|---|
| 999 |
_c15033 _d15033 |
||
| 003 | AR-CdUCM | ||
| 008 | 190425b ||||| |||| 00| 0 spa d | ||
| 020 | _a978-84-683-0178-5 | ||
| 040 |
_aMUNICIPALIDAD PROVINCIAL DEL CUSCO _cBIBLIOTECA MUNICIPAL DEL CUSCO |
||
| 082 |
_aPI / 900 / _bF18 |
||
| 100 |
_aFalcón Maldonado, Cristina _934041 |
||
| 245 | _a1,2,3 de repente en Brasil las cintas de bonfim / | ||
| 260 |
_aBarcelona : _bEdebé, _c2011. |
||
| 300 |
_a35 páginas ; _c25 cm. _bIlustración |
||
| 650 |
_aHistoria _9136 |
||
| 650 |
_aCuento _94671 |
||
| 650 |
_aInfancia _95236 |
||
| 700 |
_aFábregas, Marta _934042 |
||
| 942 |
_2ddc _cLIBROS |
||
| 945 |
_arah _d25/04/2019 |
||